| 000 | 00738nam a2200193Ia 4500 | ||
|---|---|---|---|
| 008 | 151119s9999||||xx |||||||||||||| ||und|| | ||
| 082 | _a823.91मोरियो/जमेका | ||
| 082 | _bGKKV32281 | ||
| 100 | _aमोरीयर डॅफने | ||
| 245 | _aजमेका इन अनु;- स्नेहल जोशी | ||
| 260 | _aपुणे | ||
| 260 | _bमेहता पब्लीशिग हाउस | ||
| 260 | _c2009 | ||
| 600 | _aमोरीयर डॅफने | ||
| 630 | _aजमेका इन अनु;- स्नेहल जोशी | ||
| 700 | _aमोरीयर डॅफने | ||
| 730 | _aजमेका इन अनु;- स्नेहल जोशी | ||
| 942 | _cBOOK | ||
| 999 |
_c1084585 _d1084582 |
||